000 00344cam a2200145ua 4500
041 _aeng
_h
082 _a821
_bGOR/BA
100 _aGordon, E V .
245 _aBattle of maldon /
_cE V Gordon.
_hTextual Documents
260 _aLondon :
_bMethuen and Co. Ltd ,
_c1956.
300 _a86 ; .
504 _a
942 _cBK
999 _c5120
_d5120